00519nam a22002175i 45000010009000000050017000090080041000260100017000670200014000840200031000980200031001290400023001600410008001830420008001910800008001990820012002071000007002191010008002262450058002342630009002921989931420180112065741.0170811s2017 mau 000 0 eng  a 2017952219 a003342643 a9781337392945 (alk. paper) a9781337392952 (alk. paper) aDLCbengerdacDLC aeng apcc a573 2573 SOL1 a11 aBIO10aBiology /cEldra P. Solomon, Charles E. Martin, Berg. a1711